| 000 | 00604nam a2200229Ia 4500 | ||
|---|---|---|---|
| 003 | OSt | ||
| 005 | 20220928125045.0 | ||
| 006 | a|||||r|||| 00| 0 | ||
| 007 | ta | ||
| 008 | 220927b |||||||| |||| 00| 0 eng d | ||
| 024 | _a57405 | ||
| 037 | _cTextual | ||
| 040 |
_aSDCL _cSDCL _beng |
||
| 041 |
_2eng _aeng |
||
| 082 | _aY73(Q7).1'N8, M2 | ||
| 100 |
_aMartin Richard C _9467820 |
||
| 245 | 0 | _aIslam in local contexts. | |
| 260 |
_aLeiden _bE J Brill _c1982 |
||
| 300 |
_axvii,118p _ccm. |
||
| 942 |
_hY73(Q7).1'N8, M2 _cTEXL _2CC |
||
| 999 |
_c780705 _d780705 |
||